Hồi ký Thanh Nghị T.1 Q.1 Báo Thanh Nghị và nhóm Thanh Nghị

Kaydedildi:
Detaylı Bibliyografya
Yazar: Vũ Đình Hòe
Materyal Türü: Kitap
Baskı/Yayın Bilgisi: H. Văn học 1997
Konular:
Etiketler: Etiketle
Etiket eklenmemiş, İlk siz ekleyin!
Thư viện lưu trữ: Trung tâm Học liệu Lê Vũ Hùng, Trường Đại học Đồng Tháp
LEADER 00716pam a22002178a 4500
001 00020032
005 20171026081023.0
008 110509s1997 ||||||Viesd
020 |c 55000 
041 0 # |a Vie 
082 1 4 |a 895.922 803  |b H452K 
100 0 # |a Vũ Đình Hòe 
245 0 0 |a Hồi ký Thanh Nghị  |c Vũ Đình Hòe  |n T.1 Q.1  |p Báo Thanh Nghị và nhóm Thanh Nghị 
260 # # |a H.  |b Văn học  |c 1997 
300 # # |a 897 tr.  |b Ảnh trắng đen  |c 19 cm. 
650 # 4 |a Hồi ký 
650 # 4 |a Văn học Việt Nam 
852 # # |b Kho đọc  |j KD.0000255 
852 # # |j KD.0000255 
910 |d 09/05/2011 
980 # # |a Trung tâm Học liệu Lê Vũ Hùng, Trường Đại học Đồng Tháp